000 00648cab a2200193 4500
001 ABS38474
008 090401t1987 xxu||||| |||| 00| 0 eng d
035 _a(Sirsi) u10873
041 _aeng
100 _aPhillips, D.
245 _aNine points of the law
260 _c1987
350 _a0
490 _aProperty Journal
_v12(5) October 1987, 14-15(2)
520 _aExamines the legal situation regarding the occupation of property by squatters , looking at the rights of the owner, landlord and squatter and the steps an owner can take to get his property back.
690 _aPROPERTY LAW AND PRACTICE
942 _n0
948 _c04/03/1997
999 _c6923
_d6923